| 000 | 00000nam##2200000za#4500 |
| 001 | 9.639532 |
| 003 | CaOODSP |
| 005 | 20210624222220 |
| 007 | cr ||||||||||| |
| 008 | 150407|1998||||xxc|||||o f|0| 0 fre|d |
| 040 | |aCaOODSP|bfre |
| 043 | |an-cn--- |
| 086 | 1 |aH46-2/98-211-1F-PDF |
| 110 | 1 |aCanada. |bSanté Canada. |
| 245 | 10|aManuel sur la santé et l'environnement à l'intention des professionnels de la santé - guide des ressources |h[ressource électronique] |
| 260 | |aOttawa - Ontario : |bSanté Canada |cc1998. |
| 300 | |a50p.|bréférences |
| 500 | |aLe n° de catalogue (H46-2/98-211-1F) et l'ISBN (0-662-82740-6) de l'édition imprimée ont été incorrectement copiés dans l'édition électronique. Pour le manuel associé, veuillez consulter H46-2/98-211-2F-PDF. |
| 590 | |a12-16-Supp|b2012-04-17 |
| 691 | 07|aEnvironnement|2gcpds |
| 691 | 07|aRessources pédagogiques|2gcpds |
| 691 | 07|aSanté|2gcpds |
| 775 | 08|tThe health and environment handbook for health professionals - resource guide |w(CaOODSP)9.695393 |
| 856 | 40|ahttp://publications.gc.ca|qPDF|s268 Ko|uhttps://publications.gc.ca/collections/Collection/H46-2-98-211-1F.pdf |